000 00713nam a2200289Ia 4500
005 20260324130944.0
008 008 260324s9999 xx 000 0 eng d
020 _a9781003087038
037 _aEBOOK
040 _aCRL
040 _beng
040 _cCRL
041 _2eng
041 _aeng
084 _qCRL
100 _aDavid Anderson; Axel Klein; Degol Hailu; Susan Beckerleg
_91183678
245 4 _aThe Khat Controversy
245 0 _bStimulating the Debate on Drugs
260 _bTaylor and Francis
260 _c2007
365 _a
365 _b230
856 _uhttp://www.taylorfrancis.com/books/9781003087038
942 _cEBOOK
999 _c1780410
_d1780410